Reading, etc. : an integrated skills text

Αποθηκεύτηκε σε:
Λεπτομέρειες βιβλιογραφικής εγγραφής
Κύριος συγγραφέας: Roseberry, Robert L. 1945-
Άλλοι συγγραφείς: Weinstock, Rachel
Μορφή: Βιβλίο
Γλώσσα:English
Δημοσίευση: Englewood Cliffs, N.J. : Prentice Hall Regents, c1992
Θέματα:
Ετικέτες: Προσθήκη ετικέτας
Δεν υπάρχουν, Καταχωρήστε ετικέτα πρώτοι!

MARC

LEADER 00000nam a2200000 i 4500
001 1/89190
008 981119s1992 eng d
020 |a 0-13-763467-6 
035 |l 10035689 
035 |a 1993  |c Τσουτσουλοπούλου 
040 |a GR-MY-UA  |b gre  |e aacr 
041 0 |a eng 
082 0 |a 428.64  |2 (20) 
100 1 |a Roseberry, Robert L.  |d 1945- 
245 1 0 |a Reading, etc. :  |b an integrated skills text /  |c Robert L. Roseberry, Rachel Weinstock 
246 3 3 |a Reading, et cetera 
260 |a Englewood Cliffs, N.J. :   |b Prentice Hall Regents,   |c c1992 
300 |a x, 292 p.;  |b ill.;  |c 24 cm 
504 |a Περιέχει βιβλιογραφικές παραπομπές 
650 0 0 |a English language  |v Textbooks for foreign speakers. 
650 0 0 |a College readers. 
700 1 |a Weinstock, Rachel. 
852 |a INST  |b RHODES  |e 19981119  |h 428.64 ROS  |p 005400008510  |q 005400008510  |t BK  |y 0 
909 |a Ρ  |b 025297  |c 1993